आर.पी.यूनीफाइड जन्तु विज्ञान / (Record no. 67399)

MARC details
000 -LEADER
fixed length control field 00823 aa a2200217 4500
005 - DATE AND TIME OF LATEST TRANSACTION
control field 20120601101514.0
010 ## - LCCN (DPL NO)
LC control number
020 ## - INTERNATIONAL STANDARD BOOK NUMBER
Terms of availability 250.00
International Standard Book Number
035 ## - SYSTEM CONTROL NUMBER
System control number B-76630
037 ## - SOURCE OF ACQUISITION
Source of stock number/acquisition pub
082 ## - DEWEY DECIMAL CLASSIFICATION NUMBER
Classification number 591
100 ## - MAIN ENTRY--PERSONAL NAME
Personal name सक्सेना, एम.एम.
245 ## - TITLE STATEMENT
Title आर.पी.यूनीफाइड जन्तु विज्ञान /
Statement of responsibility, etc एम.एम.सक्सेना
246 ## - VARYING FORM OF TITLE
Title proper/short title
Remainder of title
260 ## - PUBLICATION, DISTRIBUTION, ETC. (IMPRINT)
Place of publication, distribution, etc आगरा
Name of publisher, distributor, etc रामप्रसाद एंड संस
Date of publication, distribution, etc 2002-2003
270 ## - ADDRESS
Address
City
Postal code
300 ## - PHYSICAL DESCRIPTION
Extent वि.पृ
Dimensions 22 सेमी (अजिल्द)
490 ## - SERIES STATEMENT
Series statement
-- 48280
942 ## - ADDED ENTRY ELEMENTS (KOHA)
Institution code [OBSOLETE] dpl
Item type Hindi Books
Call number prefix
Source of classification or shelving scheme Dewey Decimal Classification
Classification part 591
Call number suffix सक्सेना
Holdings
Withdrawn status Lost status Not for loan Collection code Home library Current library Date acquired Cost, normal purchase price Full call number Barcode Cost, replacement price Koha item type Public note
      Non-fiction Sarojini Nagar Sarojini Nagar 01/06/2012 250.00 591 सक्सेना B-76630 250.00 Hindi Books Withdrawal List Prepared List No:- 117/16

© Delhi Public Library
Hit Counter
free hit counter